Tractor colors of brands - Statistics

General Stats
  • This quiz has been taken 410 times
  • The average score is 9 of 20
Answer Stats
Hint Answer % Correct
green john deere
93%
blue new holland
87%
red case
84%
green fendt
76%
red massey
73%
light green claas
62%
yellow jcb
59%
orange kubota
59%
light green deutz
55%
blue ford
49%
black valtra
49%
yellow challenger
36%
light blue landini
35%
white big bud
25%
red fiat
20%
red mccormick
16%
blue iseki
10%
red lindner
7%
red antonio carraro
5%
ocher hurlimann
4%
No matching quizzes found
Score Distribution
Percent of People with Each Score
Percentile by Number Answered
Your Score History
You have not taken this quiz